| 000 | 00614nam a2200181 a 4500 | ||
|---|---|---|---|
| 001 | 000044803 | ||
| 005 | 20201002045635.0 | ||
| 008 | 150112s2014 dr a 001 0 spa d | ||
| 020 | _a9789945166200 | ||
| 040 |
_aDO-SdBNP _bspa _cBNPHU |
||
| 100 | 1 |
_aDantes-Castillo, Luis _965509 |
|
| 245 | 1 | 0 |
_aMaría Cristina Camilo : _buna estrella dominicana / _cLuis Dantes-Castillo; prólogo, Alejandro Arvelo Polanco. |
| 260 |
_aSanto Domingo : _bBúho, _c2014. |
||
| 300 |
_a150 p. : _bil. ; _c28 cm. |
||
| 500 | _aIncluye índiceonomástico | ||
| 504 | _aBibliografía p: 139 | ||
| 700 | 1 |
_aArvelo Polanco, Alejandro _972827 |
|
| 999 |
_c44292 _d44292 |
||